[Event "GER-chT Betriebe 16th"]
[Site "Dresden"]
[Date "2016.11.06"]
[Round "7.4"]
[White "Mahler, Sonja"]
[Black "Rulfs, Ernst August"]
[Result "1-0"]
[WhiteElo "1553"]
[BlackElo "1598"]
[PlyCount "54"]
[EventDate "2016.11.03"]
[EventType "team-swiss"]
[EventRounds "7"]
[EventCountry "GER"]
[SourceTitle "EXT 2020"]
[Source "ChessBase"]
[SourceDate "2019.10.17"]
[SourceVersion "1"]
[SourceVersionDate "2019.10.17"]
[SourceQuality "1"]
[WhiteTeam "Berlin Tempelhof III"]
[BlackTeam "Hamburg Transit II"]
[WhiteTeamCountry "GER"]
[BlackTeamCountry "GER"]

1. d4 Nf6 2. Bf4 g6 3. e3 Bg7 4. c4 c5 5. Bd3 cxd4 6. Na3 dxe3 7. Bxe3 d6 8. f3 0-0 9. Qb3 Nbd7 10. Qb4 b6 11. Rd1 Nc5 12. Bb1 a5 13. Qd2 Ba6 14. Qf2 Nfd7 15. Nh3 Bxb2 16. Qxb2 Ne5 17. Bh6 Re8 18. f4 e6 19. Ng5 f6 20. fxe5 fxg5 21. exd6 Qd7 22. 0-0 Rab8 23. Rf6 Rb7 24. Bxg6 hxg6 25. Rxg6+ Kh7 26. Qc2 Rg8 27. Rg7+ Kh8 1-0

[Event "Berlin Lichtenberger op 10th"]
[Site "Berlin"]
[Date "2011.08.17"]
[Round "5"]
[White "Mahler, Sonja"]
[Black "Yuan, Yizheng"]
[Result "0-1"]
[WhiteElo "1656"]
[BlackElo "1889"]
[PlyCount "60"]
[EventDate "2011.08.13"]
[EventType "swiss"]
[EventRounds "9"]
[EventCountry "GER"]
[SourceTitle "CBM 143 Extra"]
[Source "ChessBase"]
[SourceDate "2011.08.29"]
[SourceVersion "1"]
[SourceVersionDate "2011.08.29"]
[SourceQuality "1"]

1. d4 Nf6 2. Bf4 e6 3. Nf3 b6 4. e3 Bb7 5. a3 Be7 6. c4 c5 7. Nc3 cxd4 8. Nxd4 a6 9. Bd3 0-0 10. Rg1 d5 11. g4 dxc4 12. Bb1 Nd5 13. Qc2 g6 14. Bh6 Re8 15. g5 Qd6 16. h4 Nf4 17. Nd1 Nd3+ 18. Kf1 Nc6 19. Nf3 Nce5 20. Nd2 Red8 21. Ke2 Qc6 22. Qc3 b5 23. Bxd3 cxd3+ 24. Kf1 Qxc3 25. bxc3 Nc4 26. Nb1 Bf3 27. Ke1 d2+ 28. Nxd2 Rxd2 29. Rg3 Re2+ 30. Kf1 Nd2+ 0-1

[Event "Berlin Lichtenberger op 10th"]
[Site "Berlin"]
[Date "2011.08.16"]
[Round "4"]
[White "Ziems, Michael"]
[Black "Mahler, Sonja"]
[Result "1-0"]
[WhiteElo "1795"]
[BlackElo "1656"]
[PlyCount "77"]
[EventDate "2011.08.13"]
[EventType "swiss"]
[EventRounds "9"]
[EventCountry "GER"]
[SourceTitle "CBM 143 Extra"]
[Source "ChessBase"]
[SourceDate "2011.08.29"]
[SourceVersion "1"]
[SourceVersionDate "2011.08.29"]
[SourceQuality "1"]

1. d4 d5 2. c4 e6 3. Nc3 h6 4. Nf3 Nf6 5. e3 c6 6. Be2 Be7 7. 0-0 Qc7 8. b3 Nbd7 9. Bb2 a6 10. Qc2 Qb8 11. Rac1 Nh7 12. e4 Ndf6 13. e5 Nh5 14. g3 g6 15. Bd3 Rg8 16. Ne2 Nf8 17. Ne1 Bd7 18. Ng2 Ng7 19. Ne3 h5 20. Nf4 Nf5 21. Rfe1 Bg5 22. Nxf5 exf5 23. e6 fxe6 24. Re5 Bxf4 25. gxf4 g5 26. Bxf5 gxf4+ 27. Kf1 Qd8 28. Qe2 Qg5 29. Qf3 Kd8 30. Bxe6 Qg6 31. Bxg8 Qxg8 32. Qxh5 Kc7 33. cxd5 Kb6 34. Qg5 Qh7 35. Qe7 Qd3+ 36. Ke1 a5 37. Qc5+ Ka6 38. Qc4+ Qxc4 39. bxc4 1-0

[Event "Berlin Lichtenberger op 7th"]
[Site "Berlin"]
[Date "2008.08.17"]
[Round "2"]
[White "Mahler, Sonja"]
[Black "Casny, Guenter"]
[Result "1-0"]
[WhiteElo "1496"]
[BlackElo "1903"]
[PlyCount "39"]
[EventDate "2008.08.16"]
[EventType "swiss"]
[EventRounds "9"]
[EventCountry "GER"]
[SourceTitle "CBM 126 Extra"]
[Source "ChessBase"]
[SourceDate "2008.11.05"]
[SourceVersion "1"]
[SourceVersionDate "2008.11.05"]
[SourceQuality "1"]

1. d4 Nf6 2. Bf4 e6 3. Nf3 d5 4. e3 Nbd7 5. Bd3 Be7 6. a3 0-0 7. b4 a5 8. b5 c5 9. a4 c4 10. Be2 Ne4 11. c3 f5 12. h4 Ndf6 13. Ne5 Nd7 14. Nf3 Kh8 15. Qc2 Rg8 16. Nbd2 Ndf6 17. Ne5 Qf8 18. h5 Bd7 19. Ng6+ hxg6 20. hxg6+ 1-0

[Event "Berlin Unicorn op"]
[Site "Berlin"]
[Date "2008.05.01"]
[Round "3"]
[White "Mahler, Sonja"]
[Black "Moritz, Aron"]
[Result "0-1"]
[WhiteElo "1462"]
[BlackElo "1984"]
[PlyCount "61"]
[EventDate "2008.04.30"]
[EventType "swiss"]
[EventRounds "7"]
[EventCountry "GER"]
[SourceTitle "CBM 124 Extra"]
[Source "ChessBase"]
[SourceDate "2008.07.03"]
[SourceVersion "1"]
[SourceVersionDate "2008.07.03"]
[SourceQuality "1"]

1. d4 d5 2. Bf4 e6 3. Nf3 Bd6 4. Bg5 Nf6 5. e3 Nbd7 6. c4 c6 7. Nbd2 0-0 8. a3 c5 9. dxc5 Bxc5 10. b4 Be7 11. Qc2 b6 12. Rd1 Bb7 13. Bh4 h6 14. Be2 Rc8 15. Qb3 a6 16. Bd3 dxc4 17. Nxc4 Bd5 18. Ke2 b5 19. Nfd2 Ne5 20. Bb1 Nxc4 21. Nf1 Qb6 22. e4 Ba8 23. f4 Rfe8 24. Bxf6 Bxf6 25. e5 Bh4 26. Ng3 Bd5 27. Rxd5 exd5 28. Qd3 g6 29. Rf1 Re6 30. Nh1 Bf6 31. Qh3 0-1

[Event "Berlin Unicorn op"]
[Site "Berlin"]
[Date "2008.05.01"]
[Round "2"]
[White "Mollison, Jamie"]
[Black "Mahler, Sonja"]
[Result "1-0"]
[WhiteElo "1910"]
[BlackElo "1462"]
[PlyCount "66"]
[EventDate "2008.04.30"]
[EventType "swiss"]
[EventRounds "7"]
[EventCountry "GER"]
[SourceTitle "CBM 124 Extra"]
[Source "ChessBase"]
[SourceDate "2008.07.03"]
[SourceVersion "1"]
[SourceVersionDate "2008.07.03"]
[SourceQuality "1"]

1. e4 e5 2. Nf3 Nc6 3. Bc4 h6 4. 0-0 Nf6 5. d3 Be7 6. c3 0-0 7. Re1 d6 8. b4 a6 9. a4 b6 10. Bb2 Nh7 11. Nbd2 Ra7 12. Nf1 Bg4 13. Ne3 Bh5 14. g4 Bg6 15. Nf5 Bf6 16. Kh1 h5 17. h3 hxg4 18. hxg4 Qd7 19. Kg2 Nd8 20. N3h4 Ne6 21. Bc1 c6 22. Be3 Bxh4 23. Nxh4 d5 24. Bb3 dxe4 25. Nxg6 fxg6 26. dxe4 Qe8 27. Qd6 Re7 28. a5 b5 29. Bc5 Rff7 30. Qxe5 Nf4+ 31. Qxf4 Re6 32. Qe3 Nf6 33. Bxe6 Qxe6 1-0

[Event "Berlin Eckbauer op 10th"]
[Site "Berlin"]
[Date "2007.10.02"]
[Round "3"]
[White "Geist, Wolfgang"]
[Black "Mahler, Sonja"]
[Result "1-0"]
[WhiteElo "1553"]
[BlackElo "1438"]
[PlyCount "67"]
[EventDate "2007.08.18"]
[EventType "swiss"]
[EventRounds "7"]
[EventCountry "GER"]
[SourceTitle "EXT 2022"]
[Source "ChessBase"]
[SourceDate "2021.10.06"]
[SourceVersion "1"]
[SourceVersionDate "2021.10.06"]
[SourceQuality "1"]

1. d4 d5 2. c4 c6 3. Nc3 e6 4. e3 Nf6 5. Nf3 Be7 6. Bd3 0-0 7. 0-0 Nbd7 8. Ne5 dxc4 9. Bxc4 Nb6 10. Bd3 Qc7 11. f4 Rd8 12. Qe2 c5 13. Nf3 a6 14. dxc5 Bxc5 15. Ne5 Nbd5 16. Ne4 Nxe4 17. Bxe4 Nxf4 18. Rxf4 Qxe5 19. Bxh7+ Kf8 20. Rh4 Qf6 21. Rh3 Rd6 22. Bd3 g6 23. Rf3 Qg7 24. Bd2 e5 25. Rg3 Be6 26. Rf1 Bxa2 27. Bc3 Re8 28. Be4 b5 29. b4 Ba7 30. Qxa2 Qh6 31. Qe2 Kg7 32. Kh1 Qh4 33. Qf3 Rd7 34. Bc6 1-0

[Event "Berlin Eckbauer op 10th"]
[Site "Berlin"]
[Date "2007.09.18"]
[Round "1"]
[White "Derz, Claus"]
[Black "Mahler, Sonja"]
[Result "1-0"]
[WhiteElo "1682"]
[BlackElo "1438"]
[PlyCount "89"]
[EventDate "2007.08.18"]
[EventType "swiss"]
[EventRounds "7"]
[EventCountry "GER"]
[SourceTitle "EXT 2022"]
[Source "ChessBase"]
[SourceDate "2021.10.06"]
[SourceVersion "1"]
[SourceVersionDate "2021.10.06"]
[SourceQuality "1"]

1. d4 d5 2. c4 c6 3. Nc3 Nf6 4. Nf3 e6 5. Bf4 Be7 6. e3 Qa5 7. Qc2 Na6 8. Be2 Nb4 9. Qd2 0-0 10. 0-0 dxc4 11. Bxc4 Nbd5 12. Bg3 Bb4 13. Bxd5 Nxd5 14. Rfc1 Nf6 15. Qc2 Bd7 16. a3 Be7 17. Ne5 Be8 18. h3 Rc8 19. b4 Qd8 20. Ne4 Nxe4 21. Qxe4 Bd6 22. Bh4 Qc7 23. Nc4 Bd7 24. Nxd6 Qxd6 25. Bg3 Qe7 26. Qc2 a6 27. Qc5 Qxc5 28. bxc5 Ra8 29. Rab1 Bc8 30. a4 Rd8 31. a5 Rd7 32. Bd6 f6 33. f4 Kf7 34. e4 g6 35. g4 Rd8 36. Re1 Re8 37. Kf2 Ra7 38. Kg3 Ra8 39. f5 e5 40. dxe5 fxe5 41. fxg6+ hxg6 42. Rf1+ Ke6 43. g5 Rg8 44. Rf6+ Kd7 45. Rbf1 1-0

[Event "Berlin Unicorn op"]
[Site "Berlin"]
[Date "2007.05.19"]
[Round "5"]
[White "Mahler, Sonja"]
[Black "Eberlein, Johann"]
[Result "0-1"]
[WhiteElo "1420"]
[BlackElo "1887"]
[PlyCount "74"]
[EventDate "2007.05.16"]
[EventType "swiss"]
[EventRounds "7"]
[EventCountry "GER"]
[SourceTitle "CBM 118 Extra"]
[Source "ChessBase"]
[SourceDate "2007.07.04"]
[SourceVersion "1"]
[SourceVersionDate "2007.07.04"]
[SourceQuality "1"]

1. d4 e6 2. a3 f5 3. Bf4 Nf6 4. e3 Be7 5. c4 b6 6. Nc3 Bb7 7. Qb3 d6 8. Rd1 0-0 9. c5 Qd7 10. Nb5 Bd5 11. Bc4 Nc6 12. Bxd5 Nxd5 13. cxd6 cxd6 14. Bg3 Rac8 15. Ne2 Na5 16. Qd3 Nc4 17. Qb3 g5 18. a4 f4 19. exf4 gxf4 20. Bxf4 Nxf4 21. Nxf4 Nxb2 22. Nxe6 Rf7 23. Rb1 Nxa4 24. 0-0 a6 25. Na3 d5 26. Qg3+ Kh8 27. Rfe1 Rc3 28. Qe5+ Bf6 29. Qb8+ Rc8 30. Qg3 Rg8 31. Qd3 b5 32. Nc2 Nb6 33. Rbc1 Nc4 34. Nb4 Qd6 35. Qb3 Nd2 36. Qb2 Nf3+ 37. Kh1 Qxh2# 0-1